Alle Länder vom "Duell um die Welt" - Statistiken

Allgemein
  • Dieses Quiz wurde 176 mal gespielt
    54 seit der letzten Aktualisierung
  • Das Durchschnittsergebnis liegt bei 44 aus 56
Antworten auf der Karte
Die Antworten werden auf der Karte rot bzw. grün angezeigt, abhängig davon wie oft sie richtig erraten wurden.
 
Antwortstatistiken
Jahre der Besuche Anzahl Länder % Korrekt
2012, 2013, 2x2014, 2017, 2018, 2019 7 China
100%
2014, 2019, 2021, 2023, 2024 5 Frankreich
100%
2012, 2019, 2021, 2x2022 5 Mexiko
100%
2012, 2013, 2014, 2015, 2019, 2020 6 Russland
100%
2018, 2021, 2023 3 Spanien
100%
3 x 2012, 2013, 2x2014, 4x2015, 2017, 2019, 2021, 2x2022, 2x2023 17 Vereinigte Staaten
100%
2013, 2017 2 Brasilien
98%
2012, 2018, 2024, 2025 4 Japan
98%
2013, 2014 2 Kanada
98%
2017, 2019, 2020, 2023 4 Norwegen
98%
2012, 2014, 2015, 2017, 2018, 2022, 2x2023, 2x2024 9 Vereinigtes Königreich
98%
2021 1 Deutschland
96%
2015, 2022 2 Grönland
96%
2012, 2x2014, 2015, 2023, 2024 6 Indien
96%
2017, 2019, 2020, 2x2024 5 Italien
96%
2017, 2019, 2021, 2023, 2024, 2025 6 Polen
96%
2014, 2021, 2022 3 Schweden
96%
2013 1 Australien
94%
2014 1 Finnland
94%
2019 1 Portugal
94%
2021, 2023 2 Niederlande
92%
2012 1 Südkorea
92%
2013 1 Neuseeland
90%
2013, 2014, 2017, 2020, 2021, 2023, 2024 7 Österreich
90%
2014, 2019, 2020, 2021, 2x2023 6 Schweiz
90%
2013, 2019 2 Südafrika
90%
2014 1 Ägypten
88%
2020, 2024 2 Griechenland
88%
2020 1 Island
88%
2015, 2017, 2021 3 Kroatien
86%
2014, 2018, 2023 3 Indonesien
84%
2014 1 Kolumbien
82%
2012, 2014, 2018 2 Jamaika
80%
2019, 2x2021, 2025 4 Lettland
80%
2018, 2020 2 Tschechien
78%
2018 1 Estland
76%
2015 1 Bolivien
73%
2018, 2025 2 Slowenien
73%
2015, 2019 2 Ungarn
73%
2014, 2x2015 2 Venezuela
73%
2024 1 Rumänien
71%
2012, 2023, 2024 3 Thailand
69%
2013 1 Bosnien und Herzegowina
65%
2012, 2015 2 Ecuador
63%
2017 1 Nepal
63%
2020, 2021 2 Liechtenstein
57%
2014 1 Bahamas
55%
2021 1 Malta
51%
2015 1 Philippinen
51%
2012 1 Malaysia
49%
2019 1 Nigeria
47%
2012, 2019 2 Belize
43%
2019 1 Taiwan
43%
2013, 2014 2 Vanuatu
33%
2013 1 Äthiopien
31%
2012 1 Hongkong
8%
Keine übereinstimmenden Quizze gefunden
Verteilung der Resultate
Anzahl Personen mit jedem Resultat
Perzentil nach korrekt beantworteten Fragen
Ihre Resultats-Entwicklung
Sie haben dieses Quiz seit der letzten Aktualisierung nicht gespielt